Perfect Health/ (Record no. 2670)
[ view plain ]
| 000 -LEADER | |
|---|---|
| fixed length control field | 00447nam a22001457a 4500 |
| 005 - DATE AND TIME OF LATEST TRANSACTION | |
| control field | 20250118140657.0 |
| 008 - FIXED-LENGTH DATA ELEMENTS--GENERAL INFORMATION | |
| fixed length control field | 250118b |||||||| |||| 00| 0 eng d |
| 020 ## - INTERNATIONAL STANDARD BOOK NUMBER | |
| International Standard Book Number | 9780517584217 |
| 050 ## - LIBRARY OF CONGRESS CALL NUMBER | |
| Classification number | R605 |
| Item number | .P47 |
| 100 ## - MAIN ENTRY--PERSONAL NAME | |
| Personal name | Chopra, Deepak |
| 245 ## - TITLE STATEMENT | |
| Title | Perfect Health/ |
| Remainder of title | the complete mind/body guide |
| Statement of responsibility, etc. | Deepak Chopra, illustrated by Stephen Van Damme |
| 260 ## - PUBLICATION, DISTRIBUTION, ETC. | |
| Place of publication, distribution, etc. | New York |
| Name of publisher, distributor, etc. | Harmony Books |
| Date of publication, distribution, etc. | 1991 |
| 300 ## - PHYSICAL DESCRIPTION | |
| Extent | vi. 325p. |
| Other physical details | ill. |
| Dimensions | 22.5cm |
| 942 ## - ADDED ENTRY ELEMENTS (KOHA) | |
| Source of classification or shelving scheme | Library of Congress Classification |
| Koha item type | Books |
| Suppress in OPAC | No |
| 999 ## - | |
| -- | 2670 |
| -- | 2670 |
| Withdrawn status | Lost status | Source of classification or shelving scheme | Damaged status | Not for loan | Collection | Home library | Current library | Shelving location | Date acquired | Total checkouts | Full call number | Barcode | Date last seen | Copy number | Price effective from | Koha item type |
|---|---|---|---|---|---|---|---|---|---|---|---|---|---|---|---|---|
| Library of Congress Classification | Non-fiction | Science Library (Miotso) | Science Library (Miotso) | General stacks | 01/18/2025 | R605 .P47 PER | SLM00002012 | 01/18/2025 | 1 | 01/18/2025 | Books |